000 00428nam a22001457a 4500
008 220519b |||||||| |||| 00| 0 eng d
020 _a9781782393320
082 _a813.54
100 _aKwan, Kevin
245 _aCrazy Rich Asian
260 _aLondon:
_bCorvus,
_c2013.
300 _a403 p.
_c20 cm.
650 _aChinese American women--Fiction. Rich people--Fiction. Social conflict--Fiction. Singapore--Fiction.
942 _2ddc
999 _c8966
_d8967